000 00706nam a2200289Ia 4500
005 20260324132606.0
008 008 260324s9999 xx 000 0 eng d
020 _a9780203449233
037 _aEBOOK
040 _aCRL
040 _beng
040 _cCRL
041 _2eng
041 _aeng
084 _qCRL
100 _aIain Munro
_91189877
245 0 _aInformation Warfare in Business
245 0 _bStrategies of Control and Resistance in the Network Society
260 _bTaylor and Francis
260 _c2004
365 _a
365 _b290
856 _uhttp://www.taylorfrancis.com/books/9780203449233
942 _cEBOOK
999 _c1788110
_d1788110